LEADER 04167nam 22006972 450 001 9910784441903321 005 20151005020621.0 010 $a1-107-14820-0 010 $a1-280-43770-7 010 $a0-511-16552-8 010 $a0-511-16631-1 010 $a0-511-16438-6 010 $a0-511-31304-7 010 $a0-511-61084-X 010 $a0-511-16518-8 035 $a(CKB)1000000000353260 035 $a(EBL)255205 035 $a(OCoLC)560103803 035 $a(SSID)ssj0000107480 035 $a(PQKBManifestationID)11127488 035 $a(PQKBTitleCode)TC0000107480 035 $a(PQKBWorkID)10015500 035 $a(PQKB)10120823 035 $a(UkCbUP)CR9780511610844 035 $a(MiAaPQ)EBC255205 035 $a(Au-PeEL)EBL255205 035 $a(CaPaEBR)ebr10120465 035 $a(CaONFJC)MIL43770 035 $a(OCoLC)935230487 035 $a(EXLCZ)991000000000353260 100 $a20090910d2004|||| uy| 0 101 0 $aeng 135 $aur||||||||||| 181 $ctxt$2rdacontent 182 $cc$2rdamedia 183 $acr$2rdacarrier 200 00$aAuctioning public assets $eanalysis and alternatives /$fedited by Maarten Janssen$b[electronic resource] 210 1$aCambridge :$cCambridge University Press,$d2004. 215 $a1 online resource (xv, 315 pages) $cdigital, PDF file(s) 300 $aTitle from publisher's bibliographic system (viewed on 05 Oct 2015). 311 $a0-521-53757-6 311 $a0-521-83059-1 320 $aIncludes bibliographical references and index. 327 $aAuction theory for auction design / Tilman Bo?rgers and Eric Van Damme -- Beauty contest design / Maurice Dykstr and Nico Van der Windt -- Preventing collusion among firms in auctions / Timothy C. Salmon -- Levelling the playing field in auctions and the prohibition of state aid / Emiel Maasland, Yves Montangie and Roger Van Den Bergh -- Allocation mechanisms and post-allocation interaction / Maarten Janseen and Benny Moldovanu -- Spectrum auctions by the United States Federal Communications Commission / Timothy C. Salmon -- An analysis of the European 3G licensing process / Emiel Maasland and Benny Moldovan -- Auctions of gas transmission access : the British experience / Tanga Morae McDaniel and Karsten Neuhoff -- The design of treasury bond auctions : some case studies / Joseph Swierzbinski and Tilman Bo?rgers -- Matching markets / Benny Moldovanu -- Competitive procurement of reintegration services in the Netherlands / Maurice Dykstr and Jaap De Koning -- The provision of rail services / Luisa Affuso and David Newbery. 330 $aIn many countries all over the world, governments are privatising firms that were previously under public control. This is happening, for example, in public utility sectors such as gas, water and electricity, in transport sectors (such as rail and metro) and in radio and telephony. This book provides an overview of the economic issues that are involved in this transfer of ownership of public assets. Combining a theoretical framework with a set of case studies of recent sales of state-owned assets from Europe and the USA, it asks which sort of allocation mechanism can a government adopt? Which is most suited to a particular sale? And how will the choice of allocation mechanism affect future market outcomes? With contributions from international experts, this book offers an accessible introduction to auction theory and an invaluable, non-technical analysis of existing knowledge. It will be of interest to students, non-specialists and policy-makers alike. 606 $aTelecommunication$zGreat Britain 606 $aTelecommunication$zNetherlands 606 $aGovernment auctions$zGreat Britain 606 $aGovernment auctions$zNetherlands 615 0$aTelecommunication 615 0$aTelecommunication 615 0$aGovernment auctions 615 0$aGovernment auctions 676 $a352.5/54 702 $aJanssen$b Maarten Christiaan Wilhelmus$f1962- 801 0$bUkCbUP 801 1$bUkCbUP 906 $aBOOK 912 $a9910784441903321 996 $aAuctioning public assets$9951528 997 $aUNINA LEADER 02151oam 2200409 a 450 001 9910146345003321 005 20230828222350.0 035 $a(CKB)1000000000280145 035 1 $a(CStRLIN)DCLC2001383315-B 035 $a(MH)008696646-4 035 $a(EXLCZ)991000000000280145 100 $a20010507d2001 uy 0 101 0 $aita 200 00$aRiforma universitaria e rivoluzione dei media $euna sfida per le biblioteche universitarie : atti del Convegno internazionale a Bolzano, 28-29 settembre 2000 /$fa cura di Franz Berger e Klaus Kempf = Universitätsreform und Medienrevolution : eine Herausforderung für Hochschulbibliotheken : Beiträge der internationalen Fachtagung in Bozen, 28.-29. September 2000 / herausgegeben von Franz Berger und Klaus Kempf$b[electronic resource] 210 $aFiesole $cCasalini libri$d2001 215 $a1 online resource (119, 131 p., [1] leaf of pl. )$cill. ; 300 $aTitles from separate title pages; Italian and German parts bound back-to-back and inverted. 300 $aProceedings. 300 $aAt head of title: Freie Universität Bozen = Libera università di Bolzano = Free University of Bozen-Bolzano, Biblioteca universitaria = Universitätsbibliothek. 311 $a88-85297-64-1 320 $aIncludes bibliographical references. 606 $aAcademic libraries$zEurope$vCongresses 606 $aInternet$zEurope$vCongresses 606 $aLibrary information networks$zEurope$vCongresses 615 0$aAcademic libraries 615 0$aInternet 615 0$aLibrary information networks 701 $aBerger$b Franz$f1943-$090865 701 $aKempf$b Klaus$0479235 712 02$aLibera universita? di Bolzano.$bBiblioteca universitaria. 801 0$bDLC 801 1$bDLC 906 $aBOOK 912 $a9910146345003321 996 $aRiforma universitaria e rivoluzione dei media$92437260 997 $aUNINA 999 $aThis Record contains information from the Harvard Library Bibliographic Dataset, which is provided by the Harvard Library under its Bibliographic Dataset Use Terms and includes data made available by, among others the Library of Congress